Twenty years before the blackboard : the lessons and humor of a mathematics teacher /

Guardado en:
Autor Principal: Stueben, Michael.
Otros Autores: Sandford, Diane.
Formato: Libro
Idioma:English
Publicado: [Washington, DC] : Mathematical Association of America, c1998.
Series:MAA spectrum.
Etiquetas: Agregar Etiqueta
Sin Etiquetas, Sea el primero en etiquetar este registro!
LEADER 00715nam a22002055a 4500
001 MAT.inmabb000201
008 971203s1998####dcua##########001#0#eng#d
005 20130405154726.0
245 1 0 |a Twenty years before the blackboard :  |b the lessons and humor of a mathematics teacher /  |c Michael Stueben with Diane Sandford. 
260 |a [Washington, DC] :  |b Mathematical Association of America,  |c c1998. 
300 |a xi, 155 p. ;  |c 23 cm. 
490 1 |a Spectrum series 
510 4 |a MR,  |c MR1615457 
020 |a 0883855259 
100 1 |a Stueben, Michael. 
700 1 |a Sandford, Diane. 
830 0 |a MAA spectrum. 
246 3 |a 20 years before the blackboard 
084 |a 00A08  |2 msc2000 
859 |h 00A08  |i St933  |p A-7921  |b BIB. MATEMATICA